| 000 | 00885cab a2200229 4500 | ||
|---|---|---|---|
| 001 | ABS40337 | ||
| 008 | 090401t1989 xxu||||| |||| 00| 0 eng d | ||
| 035 | _a(Sirsi) u23155 | ||
| 041 | _aeng | ||
| 100 | _aGreen, P. | ||
| 245 | _aStockholm scales up sphere | ||
| 260 | _c1989 | ||
| 350 | _a0 | ||
| 490 |
_aEngineering News Record _v222(5) 2 February 1989, 36-38(3) |
||
| 520 | _aReports on the design and construction of the Globe Arena , a sport s and entertainment complex developed in Stockholm . The Arena is the largest spherical building in the world, according to the designer. The upper half is formed with a lightweight space frame and the lower half is framed with structural steel . Photos, diagrams. | ||
| 650 | _aGEODESIC DOMES | ||
| 650 | _aLEISURE | ||
| 650 | _aSWEDEN | ||
| 690 | _aBUILDING AND CONSTRUCTION-PROJECTS | ||
| 942 | _n0 | ||
| 948 | _c04/03/1997 | ||
| 999 |
_c15504 _d15504 |
||